000 00385nam a2200157Ia 4500
008 210716s1996 xx 000 0 und d
020 _a812240670X
041 _aeng
082 _a005.133 XAVC
100 _aXavier, C.
245 _aFortran 77 and numerical methods.
250 _a1
260 _aNew Delhi
_bNew Age International Pvt Ltd
_c1996
300 _a527
650 _aNone
999 _c183081
_d183081